Financial Accounting : A Business Perspective /

Shranjeno v:
Bibliografske podrobnosti
Glavni avtor: Hermanson, Roger H.
Drugi avtorji: Edwards, James Don
Format: Sách giấy
Jezik:English
Izdano: Chicago : Irwin, 1995
Oznake: Označite
Brez oznak, prvi označite!
Thư viện lưu trữ: Thư viện Trường Đại học Đà Lạt
LEADER 00601nam a2200241 4500
001 DLU020000490
005 ##12/21/1998
041 # # |a eng 
082 # # |a 657  |b HE-R 
100 # # |a Hermanson, Roger H. 
245 # # |a Financial Accounting :  |b A Business Perspective /  |c Roger H. Hermanson, James Don Edwards 
260 # # |a Chicago :  |b Irwin,  |c 1995 
300 # # |a XX, 690 tr.;  |c 28 cm. 
700 # # |a Edwards, James Don 
992 # # |a 369000 
994 # # |a DLU 
900 # # |a False 
911 # # |a Administrator 
925 # # |a G 
926 # # |a A 
927 # # |a SH 
980 # # |a Thư viện Trường Đại học Đà Lạt